<?xml version="1.0" encoding="UTF-8"?>
<collection xmlns:xsi="http://www.w3.org/2001/XMLSchema-instance" xsi:schemaLocation="http://www.loc.gov/MARC21/slim http://www.loc.gov/standards/marcxml/schema/MARC21slim.xsd" xmlns="http://www.loc.gov/MARC21/slim">
 <record>
  <leader>00000ctm a22000003a 4500</leader>
  <controlfield tag="001">UP-8027390931316262698</controlfield>
  <controlfield tag="003">Buklod</controlfield>
  <controlfield tag="005">20170112140835.0</controlfield>
  <controlfield tag="006">a     r    |||| u|</controlfield>
  <controlfield tag="007">ta</controlfield>
  <controlfield tag="008">170112s        xx     d     r    |||| u|</controlfield>
  <datafield tag="035" ind1=" " ind2=" ">
   <subfield code="a">(iLib)UPMIN-00009072462</subfield>
  </datafield>
  <datafield tag="090" ind1=" " ind2="0">
   <subfield code="a">LG 993.5 2016 A3</subfield>
   <subfield code="b">C78</subfield>
  </datafield>
  <datafield tag="100" ind1="1" ind2=" ">
   <subfield code="a">Cruz, Claire Estelle G.</subfield>
   <subfield code="e">author</subfield>
  </datafield>
  <datafield tag="245" ind1="1" ind2="0">
   <subfield code="a">Assessing the logistics cost of fisheries</subfield>
   <subfield code="b">the case of fishers in Maasin, Sarangani Province</subfield>
   <subfield code="c">Claire Estelle G. Cruz; Larry N. Digal, adviser.</subfield>
  </datafield>
  <datafield tag="264" ind1=" " ind2="1">
   <subfield code="c">2016</subfield>
  </datafield>
  <datafield tag="300" ind1=" " ind2=" ">
   <subfield code="a">48 leaves</subfield>
  </datafield>
  <datafield tag="500" ind1=" " ind2=" ">
   <subfield code="a">Thesis (BS Agribusiness Economics)-- University of the Philippines Midnanao,  June 2016</subfield>
  </datafield>
  <datafield tag="506" ind1=" " ind2=" ">
   <subfield code="a">Confidential</subfield>
  </datafield>
  <datafield tag="506" ind1=" " ind2=" ">
   <subfield code="a">Not available to the general public</subfield>
  </datafield>
  <datafield tag="520" ind1=" " ind2=" ">
   <subfield code="a">The objectives of conducting this study is to analyze the logistics costs of the fishers from Maasim, Sarangani Province. Thus, using the data from the survey of the project ?Production Aspects of the Philippine Tuna Value Chain? which is funded  by the Commission on Higher Education, key informant interviews and a focus group discussion to supplement the information of the researcher, the researcher analyzed the supply chain of fisheries in the area and identify the logistics cost structure of the fishers. Thus, the researcher identified five (5) types of logistics costs: Fuel, Ice, Water Labor and Port fees, while other logistics costs were not identified. Thus, fuel costs is reported to have the largest share in the logistics costs of fishers. This study also aims to identify the factors affecting the logistics costs of fishers. Hence, there four (4)factors assumed to be indicators of logistics costs of fishers: Participation in Organization, Boat Capacity, the type of Buyer they have, and the level of Government Support received by the fishers. Thus, comparative analyses were done to determine the determine the differences in the costs, performance and profitability of the fishers. Also, the researcher generated a linear regression model to further support this hypothesis including the marginal volume and price of the fishes as independent variables and presenting the relationship of the assumed indicators to the marginal logistics costs of fishers. Hence, the volume is considered the most significant indicator of logistics costs followed by the capacity of boat used. Thus, while participants in organization may have lower average logistics costs compared to nonparticipants, their participants may have actually increase their marginal logistics. Thus, they may only present lower costs since these fishers may already have low costs even before participating in organizations. Furthermore, fishers from the Maasim area are confronted with several issues and problems in their fishing and marketing. Hence, while some issues, such as storms, may be difficult to address, there other issues where the local government can actually intervene and provide support. The facilities in the area are yet to be improve, thus, replacing or enhancing these facilities may help in reducing the share of the costs in the sales, thereby creating larger profit shares of fishers.</subfield>
  </datafield>
  <datafield tag="658" ind1=" " ind2=" ">
   <subfield code="a">Undergraduate Thesis</subfield>
   <subfield code="c">ABE 200b.</subfield>
  </datafield>
  <datafield tag="700" ind1="1" ind2=" ">
   <subfield code="a">Digal, Larry N.</subfield>
   <subfield code="e">adviser.</subfield>
  </datafield>
  <datafield tag="905" ind1=" " ind2=" ">
   <subfield code="a">FI</subfield>
  </datafield>
  <datafield tag="905" ind1=" " ind2=" ">
   <subfield code="a">UP</subfield>
  </datafield>
  <datafield tag="852" ind1="0" ind2=" ">
   <subfield code="a">UPMIN</subfield>
   <subfield code="b">UPMIN-MAIN</subfield>
   <subfield code="h">LG 993.5 2016 A3</subfield>
   <subfield code="i">C78</subfield>
  </datafield>
  <datafield tag="942" ind1=" " ind2=" ">
   <subfield code="a">Thesis</subfield>
  </datafield>
 </record>
</collection>
